000 00311nam a22001337a 4500
008 260225b |||||||| |||| 00| 0 eng d
040 _a04
100 _aROBBINS, STEPHAN.P
245 _aORGANIZATIONAL BEHAVIOUR
260 _aPEARSON PUB
300 _a796
650 _aORGANIZATIONAL BEHAVIOUR
942 _c02
999 _c67092
_d67092